000
00317nam a22001337a 4500
008
170222b xxu||||| |||| 00| 0 eng d
020
_a
9780683021387
041
_a
eng
080
_2
2ND
_a
616.31
100
_a
5
101
_a
SHS
245
_a
PRACTICAL INFECTION CONTROL IN DENTISTRY
_c
COTTONE, J.A
942
_2
udc
_c
BK
999
_c
6083
_d
6083